Talking the political culturally and other essays / (Record no. 39253)

MARC details
000 -LEADER
fixed length control field 00835nam a22002417a 4500
005 - DATE AND TIME OF LATEST TRANSACTION
control field 20100804142928.0
010 ## - LCCN (DPL NO)
LC control number ENG-98242
020 ## - INTERNATIONAL STANDARD BOOK NUMBER
International Standard Book Number 9788186017685
Terms of availability 150.00
035 ## - SYSTEM CONTROL NUMBER
System control number EN-81775
035 ## - SYSTEM CONTROL NUMBER
System control number G-001268
037 ## - SOURCE OF ACQUISITION
Source of stock number/acquisition DBAD/PUB
037 ## - SOURCE OF ACQUISITION
Source of stock number/acquisition gift
082 ## - DEWEY DECIMAL CLASSIFICATION NUMBER
Classification number 884
100 ## - MAIN ENTRY--PERSONAL NAME
Personal name Deshpande, G P
245 ## - TITLE STATEMENT
Title Talking the political culturally and other essays /
Statement of responsibility, etc by G P Deshpande
260 ## - PUBLICATION, DISTRIBUTION, ETC. (IMPRINT)
Place of publication, distribution, etc Kolkata
Name of publisher, distributor, etc Thema
Date of publication, distribution, etc 2009
270 ## - ADDRESS
Address 46/1 Raja Rammohan Roy Sarani,
City Kolkata
Postal code 700 009
300 ## - PHYSICAL DESCRIPTION
Extent 127p.
Dimensions 21cm (pbk)
942 ## - ADDED ENTRY ELEMENTS (KOHA)
Source of classification or shelving scheme Dewey Decimal Classification
Item type English Books
Classification part 884
Call number suffix DES
Holdings
Withdrawn status Lost status Not for loan Collection code Home library Current library Date acquired Source of acquisition Cost, normal purchase price Full call number Barcode Copy number Cost, replacement price Koha item type
    Not For Loan Non-fiction D.B.Act.Division D.B.Act.Division 04/08/2010 DBAD/PUB 150.00 884 DES EN-81775 1 150.00 English Books
      Non-fiction Janak Puri Janak Puri 02/09/2011 bppd/gift 150.00 884 DES G-001268 1 150.00 English Books

© Delhi Public Library
Hit Counter
free hit counter